Legislación sobre pesas y medidas (Record no. 189113)

MARC details
000 -LEADER
campo de control de longitud fija 01178nam a2200241 i 4500
001 - NÚMERO DE CONTROL
campo de control 189113
003 - IDENTIFICADOR DE NÚMERO DE CONTROL
campo de control SpMaBN
005 - FECHA Y HORA DE LA ÚLTIMA TRANSACCIÓN
campo de control 20250827062643.0
008 - DATOS DE LONGITUD FIJA--INFORMACIÓN GENERAL
campo de control de longitud fija 190401s1933 sp l |||| | spa d
110 1# - ENTRADA PRINCIPAL--NOMBRE DE ENTIDAD CORPORATIVA
Nombre de entidad corporativa o nombre de jurisdicción como elemento de entrada España
9 (RLIN) 3622
243 10 - TÍTULO UNIFORME COLECTIVO
Título uniforme <a href="Leyes, etc., de metrología">Leyes, etc., de metrología</a>
245 10 - MENCIÓN DEL TÍTULO
Título Legislación sobre pesas y medidas
Resto del título : comprende la Ley de 8 de julio de 1892 y el Reglamento de 4 de mayo de 1917 con las descripciones posteriores y complementarias, tablas de equivalencias y de reducción de los sistemas antiguos al decimal, etc,... anotados por la Redacción de la Revista de los Tribunales.
250 ## - MENCION DE EDICION
Mención de edición 2ª ed.
260 ## - PUBLICACIÓN, DISTRIBUCIÓN, ETC.
Lugar de publicación, distribución, etc. Madrid :
Nombre del editor, distribuidor, etc. Góngora,
Fecha de publicación, distribución, etc. 1933.
300 ## - DESCRIPCIÓN FÍSICA
Extensión 228, 29 p. ;
Dimensiones 15 x 10 cm.
490 1# - MENCIÓN DE SERIE
Mención de serie Biblioteca de bolsillo.
-- Manuales teórico-prácticos
597 ## - NOTA DE DESCRIPCIÓN FÍSICA
NOTA DE DESCRIPCIÓN FÍSICA Las 29 p. últimas son de publicidad de la ed.
650 #4 - PUNTO DE ACCESO ADICIONAL DE MATERIA--TÉRMINO DE MATERIA
Término de materia o nombre geográfico como elemento de entrada Pesos y medidas-
Subdivisión de forma Legislación-
Subdivisión geográfica España.
9 (RLIN) 166753
710 2# - ENTRADA AGREGADA--NOMBRE DE ENTIDAD CORPORATIVA
Nombre de entidad corporativa o nombre de jurisdicción como elemento de entrada Revista de los Tribunales (Madrid)
9 (RLIN) 6444
830 0# - PUNTO DE ACCESO ADICIONAL DE SERIE-TÍTULO UNIFORME
Título uniforme Biblioteca de bolsillo.
-- Manuales teórico-prácticos
9 (RLIN) 225774
852 ## - LOCALIZACIÓN
Ubicación ES-MaACL
Número de control de estantería L-32277
Nota libre - Enc. cart.
-- . - Donat. herederos de la bibl. de Mª del Pilar Costa Palacín
Holdings
Estatus retirado Estado de pérdida Estado de daño No para préstamo Biblioteca de origen Biblioteca actual Ubicación en estantería Fecha de adquisición Fuente de adquisición Total de préstamos Signatura topográfica completa Código de barras Visto por última vez Precio de reemplazo Tipo de ítem Koha
        Biblioteca del Ateneo de Madrid Biblioteca del Ateneo de Madrid Depósito 2 01/04/2019     L-32277 1200290 23/02/2023 23/02/2023 Libro impreso